The Dhammapada (Record no. 1405917)

MARC details
000 -LEADER
fixed length control field 00621nam a2200277Ia 4500
008 - FIXED-LENGTH DATA ELEMENTS--GENERAL INFORMATION
fixed length control field 161109s9999||||xx |||||||||||||| ||und||
040 ## - CATALOGING SOURCE
Transcribing agency English
082 ## - DEWEY DECIMAL CLASSIFICATION NUMBER
Classification number X.A
082 ## - DEWEY DECIMAL CLASSIFICATION NUMBER
Item number BORI-35715
100 ## - MAIN ENTRY--PERSONAL NAME
Personal name N. K. Bhagwat
245 #4 - TITLE STATEMENT
Title The Dhammapada
260 ## - PUBLICATION, DISTRIBUTION, ETC. (IMPRINT)
Place of publication, distribution, etc Mumbai
260 ## - PUBLICATION, DISTRIBUTION, ETC. (IMPRINT)
Name of publisher, distributor, etc The Buddha Society
300 ## - PHYSICAL DESCRIPTION
Extent 224
300 ## - PHYSICAL DESCRIPTION
Dimensions E
300 ## - PHYSICAL DESCRIPTION
Accompanying material Paperback
530 ## - ADDITIONAL PHYSICAL FORM AVAILABLE NOTE
Uniform Resource Identifier <a href="000035715.pdf">000035715.pdf</a>
563 ## - BINDING INFORMATION
Binding note Text
600 ## - SUBJECT ADDED ENTRY--PERSONAL NAME
Personal name N. K. Bhagwat
630 ## - SUBJECT ADDED ENTRY--UNIFORM TITLE
Uniform title The Dhammapada
650 ## - SUBJECT ADDED ENTRY--TOPICAL TERM
Topical term or geographic name as entry element Buddhism
650 ## - SUBJECT ADDED ENTRY--TOPICAL TERM
Topical term or geographic name as entry element Buddhism & Jainism
700 ## - ADDED ENTRY--PERSONAL NAME
Personal name N. K. Bhagwat
730 ## - ADDED ENTRY--UNIFORM TITLE
Uniform title The Dhammapada
942 ## - ADDED ENTRY ELEMENTS (KOHA)
Koha item type Book
Holdings
Withdrawn status Lost status Damaged status Not for loan Home library Current library Date acquired Total Checkouts Full call number Barcode Date last seen Price effective from Koha item type
        Bhandarkar Oriental Research Institute, Pune Bhandarkar Oriental Research Institute, Pune 11/09/2016   BORI-35715 BORI-35715 11/09/2016 11/09/2016 Book